Country Capitals "A" - Statistics

General Stats
  • This quiz has been taken 27 times
  • The average score is 9 of 11
Answer Stats
Hint Answer % Correct
Australia Canberra
100%
Austria Vienna
100%
Argentina Buenos Aires
96%
Afghanistan Kabul
96%
Algeria Algiers
92%
Andorra Andorra la Vella
84%
Azerbaijan Baku
80%
Albania Tirana
72%
Angola Luanda
68%
Armenia Yerevan
60%
Antigua & Barbuda St. John
52%
No matching quizzes found
Score Distribution
Percent of People with Each Score
Percentile by Number Answered
Your Score History
You have not taken this quiz